Psychological testing / (Record no. 144313)

MARC details
000 -LEADER
fixed length control field 00887nam a22002417a 4500
005 - DATE AND TIME OF LATEST TRANSACTION
control field 20181003124712.0
010 ## - LCCN (DPL NO)
LC control number 1718EN-30 ENG-121385
020 ## - INTERNATIONAL STANDARD BOOK NUMBER
International Standard Book Number 9789332573819
Terms of availability 549.00
035 ## - SYSTEM CONTROL NUMBER
System control number EN-105367
035 ## - SYSTEM CONTROL NUMBER
System control number B-684200-201
037 ## - SOURCE OF ACQUISITION
Source of stock number/acquisition BSB
Stock number dpl
037 ## - SOURCE OF ACQUISITION
Source of stock number/acquisition DBAFD/PUB
082 ## - DEWEY DECIMAL CLASSIFICATION NUMBER
Classification number 150.287
100 ## - MAIN ENTRY--PERSONAL NAME
Personal name Gregory, Robert J.
245 ## - TITLE STATEMENT
Title Psychological testing /
Statement of responsibility, etc by Robert J. Gregory
250 ## - EDITION STATEMENT
Edition statement 7th ed
260 ## - PUBLICATION, DISTRIBUTION, ETC. (IMPRINT)
Date of publication, distribution, etc 2017
Place of publication, distribution, etc Noida
Name of publisher, distributor, etc Pearson India
270 ## - ADDRESS
Address 15th Floor,, Tower-B, World Trade, Plot No.1, Block-C, Sector-16,
City Noida
Postal code 201301
300 ## - PHYSICAL DESCRIPTION
Dimensions 23cm(pbk)
Extent xxi,602p. :
Other physical details ill.
500 ## - GENERAL NOTE
General note Includes bibliographical references and index
942 ## - ADDED ENTRY ELEMENTS (KOHA)
Item type English Books
Source of classification or shelving scheme Dewey Decimal Classification
Call number suffix GRE
Classification part 150.287
Holdings
Withdrawn status Lost status Not for loan Collection code Home library Current library Date acquired Source of acquisition Cost, normal purchase price Full call number Barcode Copy number Cost, replacement price Koha item type
      Non-fiction Ashok Vihar Ashok Vihar 12/02/2018 BSB/299/1.12.2017/BPPB/EN/2017-18/641/20.11.17/14.12.2017 549.00 150.287 GRE B-684201 1 549.00 English Books
    Not For Loan Non-fiction D.B.Act.Division Bawana 09/12/2017 DBAD/PUB 476.00 150.287 GRE EN-105367 1 476.00 English Books
      Non-fiction Central Library Central Library 12/02/2018 BSB/299/1.12.2017/BPPB/EN/2017-18/641/20.11.17/14.12.2017 549.00 150.287 GRE B-684200 1 549.00 English Books

© Delhi Public Library
Hit Counter
free hit counter